000 00607cam a2200193 a 4500
001 000007878
005 20200929154331.0
008 881228s1982 pr a 001 1 spa
020 _a8439934815
040 _aDO-SdBNP
_bspa
_cBNPHU
082 _aPR863.44
_bD542b, 1982
100 1 _aDíaz Montero, Aníbal,
_d1911-
_920187
245 1 3 _aLa biblioteca encantada :
_bcuentos /
_cAníbal Díaz Montero.
250 _a6a. ed.
260 _aSanturce, Puetro Rico :
_bDiaz-Mont,
_c1982.
300 _a124 p. :
_bil. ;
_c21 cm.
650 4 _aCuentos puertorriqueños
_9249
650 4 _aLiteratura puertorriqueña
_9250
999 _c7656
_d7656